000 01099nam0a22002891 4500
001 rc\3059822
005 20250806202547.0
035 _a(NLR Aleph) 007198620
090 _a51806
_c51806
100 _a20111012d1941 u y0rusy50 ca
101 0 _arus
102 _aRU
105 _aac z |||||
200 1 _aРационализаторы артели ЭМИИЗ
_e(Электромехан. завод)
_e[Сб. статей]
210 _aМосква
_aЛенинград
_cКОИЗ
_d1941
_eМосква
215 _a48 с.
_cпортр., черт.
_d17 см
225 1 _aСтахановцы промысловой кооперации
300 _aНа 4-й с. указан составитель: А.С. Левянт
702 1 _aЛевянт
_bА.С.
_4220
712 0 2 _a"ЭМИИЗ", артель электроизделий
_cМосква
_3RU\NLR\AUTH\8814714
_4570
801 0 _aRU
_bNLR
_gpsbo
801 1 _aRU
_bELAR
_2rusmarc
852 _aNLR
_jТ20 Г-2/2
942 _cBOOK
945 _aРоссийская национальная библиотека
980 _aNB
980 _aBV